| 000 | 00345nam a22001457a 4500 | ||
|---|---|---|---|
| 003 | SGT | ||
| 082 |
_a617.525 _bC14B |
||
| 100 | _aBAGHERI,SHAHROKH.C | ||
| 245 | _aCLINICAL REVIEW OF ORAL AND MAXILLOFACIAL SURGERY | ||
| 250 | _a2ND | ||
| 260 |
_aST.LOUIS,MISSOURI _bELSEVIER _c2014 |
||
| 300 | _a555 | ||
| 650 | _aORAL SURGERY | ||
| 942 |
_2ddc _cBK |
||
| 999 |
_c10629 _d10629 |
||